00405 a2200157 4500003000400000005001700004008004100021020001800062040000900080082002000089100002500109245005300134250001300187260003700200300001000237OSt20231213095157.0231213b |||||||| |||| 00| 0 eng d a9788122612776 coclc a894.8129bEAC/O aEachara Varier, T.V. aOrachante Ormakkurippukal /cT.V. Eachara Varier a11th ed. aThrissur:bCurrent Books,c2023. a152p.